[Event "DVM U14w 2017"]
[Site "Neumünster GER"]
[Date "2017.12.27"]
[Round "1"]
[White "Doll, Rebecca"]
[Black "Dietz, Kristin"]
[Result "1-0"]
[Termination "normal"]
[Board "3.1"]
[WhiteElo "1496"]
[BlackElo "1698"]
[WhiteClock "00:23:08"]
[BlackClock "00:34:32"]
[WhiteTeam "Karlsruher SF"]
[BlackTeam "USV Halle"]
[PlyCount "95"]
[WhiteFideId "16236890"]
[BlackFideId "12993743"]
[EventCountry "GER"]
[EventRounds "7"]
[EventType "team-swiss"]
[EventDate "2017.12.26"]

1. e4 {[%clk 1:30:58]} c5 {[%clk 1:30:46]} 2. c3 {[%clk 1:31:20]} g6 {[%clk
1:31:01]} 3. d4 {[%clk 1:31:30]} cxd4 {[%clk 1:31:22]} 4. cxd4 {[%clk 1:31:53]}
d5 {[%clk 1:31:44]} 5. e5 {[%clk 1:31:20]} Nc6 {[%clk 1:31:30]} 6. Nc3 {[%clk
1:28:21]} Bg7 {[%clk 1:30:23]} 7. Nge2 {[%clk 1:22:41]} e6 {[%clk 1:30:08]} 8.
Ng3 {[%clk 1:21:09]} Nge7 {[%clk 1:28:13]} 9. Be2 {[%clk 1:15:41]} O-O {[%clk
1:25:50]} 10. O-O {[%clk 1:12:04]} Qb6 {[%clk 1:13:41]} 11. Be3 {[%clk
1:06:52]} Qxb2 {[%clk 1:03:00]} 12. Nb5 {[%clk 0:58:38]} a6 {[%clk 0:45:41]}
13. Rb1 {[%clk 0:51:14]} Qxa2 {[%clk 0:45:30]} 14. Ra1 {[%clk 0:51:25]} Qb2
{[%clk 0:45:29]} 15. Rb1 {[%clk 0:51:34]} Qa2 {[%clk 0:45:14]} 16. Ra1 {[%clk
0:51:58]} axb5 {[%clk 0:37:23]} 17. Rxa2 {[%clk 0:52:03]} Rxa2 {[%clk 0:37:42]}
18. Qb3 {[%clk 0:51:31]} Ra4 {[%clk 0:31:37]} 19. Bxb5 {[%clk 0:45:30]} Rb4
{[%clk 0:31:43]} 20. Qd3 {[%clk 0:45:22]} f6 {[%clk 0:29:45]} 21. f4 {[%clk
0:44:14]} Bd7 {[%clk 0:23:34]} 22. Ne2 {[%clk 0:40:48]} Nxe5 {[%clk 0:21:04]}
23. fxe5 {[%clk 0:25:58]} Bxb5 {[%clk 0:18:15]} 24. Qd2 {[%clk 0:19:46]} Nc6
{[%clk 0:17:47]} 25. exf6 {[%clk 0:16:59]} Bxf6 {[%clk 0:16:55]} 26. Rd1 {[%clk
0:14:53]} Bxe2 {[%clk 0:14:32]} 27. Qxe2 {[%clk 0:14:38]} Nxd4 {[%clk 0:14:30]}
28. Qg4 {[%clk 0:11:09]} Nc2 {[%clk 0:06:06]} 29. Qxe6+ {[%clk 0:09:38]} Kh8
{[%clk 0:06:34]} 30. Bc5 {[%clk 0:06:20]} Bd4+ {[%clk 0:05:12]} 31. Bxd4+
{[%clk 0:05:56]} Nxd4 {[%clk 0:05:40]} 32. Qe5+ {[%clk 0:03:48]} Kg8 {[%clk
0:06:01]} 33. Qxd5+ {[%clk 0:03:42]} Kg7 {[%clk 0:05:32]} 34. Rxd4 {[%clk
0:03:32]} Rb6 {[%clk 0:04:46]} 35. h3 {[%clk 0:03:37]} Rbf6 {[%clk 0:04:50]}
36. Qe5 {[%clk 0:03:49]} Kh6 {[%clk 0:04:47]} 37. Qe3+ {[%clk 0:03:47]} Kg7
{[%clk 0:05:10]} 38. Rd7+ {[%clk 0:04:11]} R8f7 {[%clk 0:05:26]} 39. Rxf7+
{[%clk 0:02:05]} Rxf7 {[%clk 0:05:46]} 40. Qb6 {[%clk 0:02:14]} Kf8 {[%clk
0:05:45]} 41. Kh2 {[%clk 0:02:19]} Kg7 {[%clk 0:06:02]} 42. h4 {[%clk 0:01:16]}
Kh6 {[%clk 0:05:44]} 43. Kg3 {[%clk 0:00:37]} Kg7 {[%clk 0:05:51]} 44. h5
{[%clk 0:27:34]} Kh6 {[%clk 0:35:56]} 45. Kg4 {[%clk 0:23:43]} Kg7 {[%clk
0:36:04]} 46. Qd4+ {[%clk 0:22:54]} Kg8 {[%clk 0:34:12]} 47. h6 {[%clk
0:23:08]} Kf8 {[%clk 0:34:32]} 48. Qd8# 1-0

[Event "DVM U14w 2017"]
[Site "Neumünster GER"]
[Date "2017.12.27"]
[Round "1"]
[White "Stowicek, Yara Mathilda"]
[Black "Schulz, Hannah"]
[Result "1-0"]
[Termination "normal"]
[Board "3.2"]
[WhiteElo "1496"]
[BlackElo "1478"]
[WhiteClock "00:35:29"]
[BlackClock "00:11:14"]
[WhiteTeam "USV Halle"]
[BlackTeam "Karlsruher SF"]
[PlyCount "81"]
[WhiteFideId "16203569"]
[BlackFideId "16244745"]
[EventCountry "GER"]
[EventRounds "7"]
[EventType "team-swiss"]
[EventDate "2017.12.26"]

1. e4 {[%clk 1:30:58]} c6 {[%clk 1:30:55]} 2. d4 {[%clk 1:31:16]} d5 {[%clk
1:31:21]} 3. exd5 {[%clk 1:31:33]} cxd5 {[%clk 1:31:46]} 4. Bd3 {[%clk
1:31:46]} Nc6 {[%clk 1:31:11]} 5. c3 {[%clk 1:32:02]} Nf6 {[%clk 1:30:10]} 6.
h3 {[%clk 1:32:11]} e5 {[%clk 1:23:49]} 7. dxe5 {[%clk 1:31:21]} Nxe5 {[%clk
1:24:00]} 8. Nf3 {[%clk 1:29:43]} Nxd3+ {[%clk 1:20:41]} 9. Qxd3 {[%clk
1:28:49]} Be7 {[%clk 1:17:25]} 10. O-O {[%clk 1:26:21]} O-O {[%clk 1:14:26]}
11. Bf4 {[%clk 1:21:44]} Be6 {[%clk 1:09:12]} 12. Nbd2 {[%clk 1:20:43]} Qb6
{[%clk 1:05:10]} 13. Nb3 {[%clk 1:16:51]} Rac8 {[%clk 0:55:12]} 14. Rfe1 {[%clk
1:11:45]} h6 {[%clk 0:49:01]} 15. Nfd4 {[%clk 1:05:30]} Nh5 {[%clk 0:44:21]}
16. Bh2 {[%clk 1:04:42]} Bh4 {[%clk 0:39:31]} 17. Qe2 {[%clk 1:02:49]} a6
{[%clk 0:34:35]} 18. Qxh5 {[%clk 1:02:58]} Bf6 {[%clk 0:29:04]} 19. Be5 {[%clk
1:00:03]} Be7 {[%clk 0:27:22]} 20. Qf3 {[%clk 0:58:13]} Bd7 {[%clk 0:22:03]}
21. Bxg7 {[%clk 0:55:22]} Kxg7 {[%clk 0:21:08]} 22. Rxe7 {[%clk 0:53:36]} Qd6
{[%clk 0:18:14]} 23. Rae1 {[%clk 0:50:53]} Kh7 {[%clk 0:14:58]} 24. Rxf7+
{[%clk 0:47:34]} Kg8 {[%clk 0:13:55]} 25. Rxf8+ {[%clk 0:45:30]} Rxf8 {[%clk
0:14:07]} 26. Qg3+ {[%clk 0:44:39]} Qxg3 {[%clk 0:14:14]} 27. fxg3 {[%clk
0:44:55]} b5 {[%clk 0:11:10]} 28. Nc5 {[%clk 0:42:49]} Bc8 {[%clk 0:11:21]} 29.
Nc6 {[%clk 0:41:44]} Kh7 {[%clk 0:09:44]} 30. Ne7 {[%clk 0:37:13]} h5 {[%clk
0:09:15]} 31. Nxc8 {[%clk 0:37:12]} Rxc8 {[%clk 0:09:38]} 32. Nxa6 {[%clk
0:37:14]} Ra8 {[%clk 0:10:04]} 33. Nb4 {[%clk 0:37:30]} Rd8 {[%clk 0:09:43]}
34. Re5 {[%clk 0:37:16]} d4 {[%clk 0:09:35]} 35. cxd4 {[%clk 0:36:00]} Rxd4
{[%clk 0:09:58]} 36. Rxh5+ {[%clk 0:36:21]} Kg6 {[%clk 0:10:19]} 37. Rxb5
{[%clk 0:36:27]} Rd1+ {[%clk 0:10:38]} 38. Kf2 {[%clk 0:36:13]} Rd2+ {[%clk
0:10:57]} 39. Kf3 {[%clk 0:36:27]} Rxb2 {[%clk 0:11:22]} 40. g4 {[%clk
0:35:10]} Kf6 {[%clk 0:11:14]} 41. Nd5+ {[%clk 0:35:29]} 1-0

[Event "DVM U14w 2017"]
[Site "Neumünster GER"]
[Date "2017.12.27"]
[Round "1"]
[White "Chung, Dana"]
[Black "Delgado, Celina"]
[Result "0-1"]
[Termination "normal"]
[Board "3.3"]
[WhiteElo "1282"]
[BlackElo "1440"]
[WhiteClock "00:02:24"]
[BlackClock "00:03:45"]
[WhiteTeam "Karlsruher SF"]
[BlackTeam "USV Halle"]
[PlyCount "82"]
[WhiteFideId "16235290"]
[BlackFideId "12993735"]
[EventCountry "GER"]
[EventRounds "7"]
[EventType "team-swiss"]
[EventDate "2017.12.26"]

1. d4 {[%clk 1:30:57]} d5 {[%clk 1:30:54]} 2. c4 {[%clk 1:31:20]} c6 {[%clk
1:31:16]} 3. Nc3 {[%clk 1:31:38]} Nf6 {[%clk 1:31:28]} 4. Nf3 {[%clk 1:31:47]}
e6 {[%clk 1:31:06]} 5. Bg5 {[%clk 1:32:08]} Nbd7 {[%clk 1:30:48]} 6. e3 {[%clk
1:32:12]} Bd6 {[%clk 1:30:23]} 7. Be2 {[%clk 1:29:22]} Qc7 {[%clk 1:27:21]} 8.
cxd5 {[%clk 1:22:17]} Nxd5 {[%clk 1:17:08]} 9. Nxd5 {[%clk 1:21:02]} cxd5
{[%clk 1:15:43]} 10. O-O {[%clk 1:18:10]} Qb6 {[%clk 1:10:48]} 11. Qd2 {[%clk
1:13:02]} O-O {[%clk 1:04:34]} 12. Rfc1 {[%clk 1:06:43]} Re8 {[%clk 0:56:34]}
13. a3 {[%clk 1:00:34]} Nf8 {[%clk 0:51:48]} 14. b4 {[%clk 0:51:46]} Bd7 {[%clk
0:48:24]} 15. Ne1 {[%clk 0:43:49]} Bb5 {[%clk 0:43:12]} 16. Bxb5 {[%clk
0:41:46]} Qxb5 {[%clk 0:43:18]} 17. Nd3 {[%clk 0:39:15]} b6 {[%clk 0:37:40]}
18. a4 {[%clk 0:35:29]} Qd7 {[%clk 0:35:22]} 19. b5 {[%clk 0:32:19]} Rec8
{[%clk 0:32:44]} 20. Bf4 {[%clk 0:31:29]} Bxf4 {[%clk 0:26:25]} 21. Nxf4 {[%clk
0:31:40]} Rc7 {[%clk 0:25:51]} 22. Rxc7 {[%clk 0:31:34]} Qxc7 {[%clk 0:26:09]}
23. Rc1 {[%clk 0:31:30]} Qd8 {[%clk 0:25:31]} 24. Rc6 {[%clk 0:30:58]} Nd7
{[%clk 0:23:27]} 25. Qc2 {[%clk 0:30:29]} Nf6 {[%clk 0:23:16]} 26. f3 {[%clk
0:29:24]} Ne8 {[%clk 0:20:28]} 27. Nd3 {[%clk 0:27:46]} Nd6 {[%clk 0:19:33]}
28. Ne5 {[%clk 0:26:20]} Rc8 {[%clk 0:19:13]} 29. Rxc8 {[%clk 0:23:00]} Nxc8
{[%clk 0:17:29]} 30. Nc6 {[%clk 0:19:02]} Qd6 {[%clk 0:15:25]} 31. a5 {[%clk
0:16:35]} h6 {[%clk 0:10:15]} 32. axb6 {[%clk 0:15:52]} axb6 {[%clk 0:10:15]}
33. Ne5 {[%clk 0:12:15]} Ne7 {[%clk 0:09:30]} 34. Qb3 {[%clk 0:09:57]} Qc7
{[%clk 0:08:33]} 35. Nd3 {[%clk 0:09:42]} Nf5 {[%clk 0:08:23]} 36. Ne1 {[%clk
0:08:36]} Qd7 {[%clk 0:07:56]} 37. Nc2 {[%clk 0:07:33]} Qc7 {[%clk 0:06:21]}
38. Qa2 {[%clk 0:07:08]} Qc3 {[%clk 0:03:51]} 39. Kf2 {[%clk 0:04:08]} Qd2+
{[%clk 0:03:18]} 40. Kf1 {[%clk 0:02:27]} Nxe3+ {[%clk 0:03:18]} 41. Kg1 {[%clk
0:02:24]} Qxg2# {[%clk 0:03:45]} 0-1

[Event "DVM U14w 2017"]
[Site "Neumünster GER"]
[Date "2017.12.27"]
[Round "1"]
[White "Voigt, Anastasia"]
[Black "Shevchenko, Alyona"]
[Result "1-0"]
[Termination "normal"]
[Board "3.4"]
[WhiteElo "1350"]
[BlackElo "1176"]
[WhiteClock "00:28:26"]
[BlackClock "00:13:37"]
[WhiteTeam "USV Halle"]
[BlackTeam "Karlsruher SF"]
[PlyCount "171"]
[WhiteFideId "16235223"]
[BlackFideId "12983420"]
[EventCountry "GER"]
[EventRounds "7"]
[EventType "team-swiss"]
[EventDate "2017.12.26"]

1. e4 {[%clk 1:30:58]} c6 {[%clk 1:30:57]} 2. d4 {[%clk 1:31:07]} d5 {[%clk
1:31:24]} 3. exd5 {[%clk 1:30:46]} cxd5 4. Nf3 Nc6 {[%clk 1:30:32]} 5. Bb5
{[%clk 1:30:45]} Qb6 {[%clk 1:24:52]} 6. Nc3 {[%clk 1:29:40]} Nf6 {[%clk
1:20:23]} 7. O-O {[%clk 1:28:39]} a6 {[%clk 1:20:13]} 8. Ba4 {[%clk 1:27:52]}
Bf5 {[%clk 1:17:25]} 9. Bb3 {[%clk 1:27:00]} e6 {[%clk 1:17:29]} 10. Bf4 {[%clk
1:25:23]} Be7 {[%clk 1:16:48]} 11. Re1 {[%clk 1:24:02]} O-O {[%clk 1:17:01]}
12. Qd2 {[%clk 1:21:02]} a5 {[%clk 1:08:36]} 13. Rad1 {[%clk 1:16:20]} Qa6
{[%clk 1:07:01]} 14. a3 {[%clk 1:12:35]} b5 {[%clk 1:06:57]} 15. a4 {[%clk
1:06:42]} b4 {[%clk 1:03:53]} 16. Nb5 {[%clk 1:06:50]} Rac8 {[%clk 1:01:29]}
17. Ne5 {[%clk 1:00:53]} Nxe5 {[%clk 0:57:25]} 18. Bxe5 {[%clk 0:59:48]} Rc6
{[%clk 0:56:16]} 19. c3 {[%clk 0:53:05]} bxc3 {[%clk 0:52:16]} 20. bxc3 {[%clk
0:53:13]} h6 {[%clk 0:51:28]} 21. Bc2 {[%clk 0:52:23]} Ne4 {[%clk 0:47:18]} 22.
Bxe4 {[%clk 0:52:16]} Bxe4 {[%clk 0:47:42]} 23. Qf4 {[%clk 0:48:40]} Bg5 {[%clk
0:46:13]} 24. Qg3 {[%clk 0:48:28]} Bg6 {[%clk 0:40:43]} 25. h4 {[%clk 0:47:40]}
f6 {[%clk 0:35:10]} 26. Bd6 {[%clk 0:46:59]} Rd8 {[%clk 0:35:06]} 27. hxg5
{[%clk 0:46:20]} Rdxd6 {[%clk 0:35:02]} 28. Nxd6 {[%clk 0:46:38]} Rxd6 {[%clk
0:35:28]} 29. gxh6 {[%clk 0:46:56]} Kh7 {[%clk 0:34:53]} 30. hxg7 {[%clk
0:47:09]} Kxg7 31. Rd2 {[%clk 0:42:00]} Kf7 {[%clk 0:33:22]} 32. Rde2 {[%clk
0:41:23]} Rc6 {[%clk 0:31:23]} 33. Rb2 {[%clk 0:36:25]} Rc8 {[%clk 0:24:14]}
34. Ra1 {[%clk 0:34:28]} Re8 {[%clk 0:19:52]} 35. Ra3 {[%clk 0:33:55]} Qd3
{[%clk 0:19:38]} 36. Qxd3 {[%clk 0:33:07]} Bxd3 {[%clk 0:20:04]} 37. Rb7+ Re7
38. Rab3 {[%clk 0:32:22]} Bc2 {[%clk 0:18:41]} 39. Rxe7+ {[%clk 0:32:14]} Kxe7
{[%clk 0:19:03]} 40. Rb5 {[%clk 0:32:08]} Bxa4 {[%clk 0:19:24]} 41. Rxa5 {[%clk
0:32:30]} Bb3 {[%clk 0:18:57]} 42. Kf1 {[%clk 0:32:01]} Bc4+ {[%clk 0:19:07]}
43. Ke1 {[%clk 0:32:16]} f5 {[%clk 0:18:48]} 44. Kd2 {[%clk 0:32:25]} Kf6
{[%clk 0:19:00]} 45. Ke3 {[%clk 0:32:27]} Kg5 {[%clk 0:18:34]} 46. Rc5 {[%clk
0:32:44]} f4+ {[%clk 0:18:13]} 47. Kf3 {[%clk 0:32:33]} Bb3 {[%clk 0:16:14]}
48. Ke2 {[%clk 0:32:27]} Bc4+ {[%clk 0:15:56]} 49. Kd2 {[%clk 0:32:47]} Kg4
{[%clk 0:15:21]} 50. Rc6 {[%clk 0:32:47]} Kf5 {[%clk 0:14:55]} 51. Kc1 {[%clk
0:32:35]} e5 {[%clk 0:13:41]} 52. dxe5 {[%clk 0:31:06]} Kxe5 {[%clk 0:14:05]}
53. f3 {[%clk 0:30:35]} Bf1 {[%clk 0:11:15]} 54. Rg6 {[%clk 0:29:06]} Kf5
{[%clk 0:10:36]} 55. Rg7 {[%clk 0:27:39]} d4 {[%clk 0:09:25]} 56. cxd4 {[%clk
0:27:08]} Ke6 {[%clk 0:08:52]} 57. g3 {[%clk 0:25:10]} fxg3 {[%clk 0:08:33]}
58. Rxg3 {[%clk 0:25:24]} Kd5 {[%clk 0:08:55]} 59. Rg4 {[%clk 0:25:30]} Be2
{[%clk 0:09:17]} 60. Rf4 {[%clk 0:25:21]} Bb5 {[%clk 0:07:48]} 61. Rh4 {[%clk
0:25:02]} Bd7 {[%clk 0:07:51]} 62. Rh2 {[%clk 0:24:40]} Be6 {[%clk 0:07:27]}
63. Rd2 {[%clk 0:24:32]} Bf5 {[%clk 0:06:48]} 64. Kb2 {[%clk 0:24:42]} Be6
{[%clk 0:07:04]} 65. Kc3 {[%clk 0:24:55]} Bf5 {[%clk 0:07:19]} 66. Re2 {[%clk
0:25:03]} Be6 {[%clk 0:07:28]} 67. f4 {[%clk 0:24:42]} Bf7 {[%clk 0:07:44]} 68.
f5 {[%clk 0:24:44]} Bh5 {[%clk 0:08:07]} 69. f6 {[%clk 0:24:20]} Bxe2 {[%clk
0:08:23]} 70. f7 {[%clk 0:24:45]} Bg4 {[%clk 0:08:28]} 71. f8=Q {[%clk
0:25:03]} Be6 {[%clk 0:08:54]} 72. Qd8+ {[%clk 0:25:06]} Ke4 {[%clk 0:09:03]}
73. Kb4 {[%clk 0:24:58]} Bh3 {[%clk 0:09:01]} 74. Qh4+ {[%clk 0:25:12]} Kd5
{[%clk 0:09:22]} 75. Qxh3 {[%clk 0:25:40]} Kxd4 {[%clk 0:09:49]} 76. Qc3+
{[%clk 0:25:55]} Kd5 {[%clk 0:10:14]} 77. Qc4+ {[%clk 0:26:17]} Ke5 {[%clk
0:10:38]} 78. Kc5 {[%clk 0:26:22]} Kf5 {[%clk 0:10:57]} 79. Qe2 {[%clk
0:26:31]} Kf4 {[%clk 0:11:11]} 80. Kd5 {[%clk 0:26:52]} Kf5 {[%clk 0:11:31]}
81. Qf2+ {[%clk 0:27:13]} Kg5 {[%clk 0:11:54]} 82. Ke6 {[%clk 0:27:35]} Kg4
{[%clk 0:12:19]} 83. Ke5 {[%clk 0:27:58]} Kg5 {[%clk 0:12:45]} 84. Qg2+ {[%clk
0:28:12]} Kh4 {[%clk 0:13:10]} 85. Kf4 {[%clk 0:28:26]} Kh5 {[%clk 0:13:37]}
86. Qg5# 1-0

[Event "DVM U14w 2017"]
[Site "Neumünster GER"]
[Date "2017.12.27"]
[Round "1"]
[White "Peglau, Mirjam"]
[Black "Fricke, Edna Marlene"]
[Result "1-0"]
[Termination "normal"]
[Board "4.1"]
[WhiteElo "1642"]
[BlackElo "1410"]
[WhiteClock "00:29:47"]
[BlackClock "00:26:35"]
[WhiteTeam "Schachzentrum Seeblick"]
[BlackTeam "SV SF Friedrichshagen"]
[PlyCount "89"]
[WhiteFideId "16211138"]
[BlackFideId "12988839"]
[EventCountry "GER"]
[EventRounds "7"]
[EventType "team-swiss"]
[EventDate "2017.12.26"]

1. e4 {[%clk 1:30:58]} c5 {[%clk 1:30:53]} 2. Nf3 {[%clk 1:31:23]} d6 {[%clk
1:31:06]} 3. d4 {[%clk 1:31:47]} cxd4 {[%clk 1:31:29]} 4. Nxd4 {[%clk 1:32:16]}
Nf6 {[%clk 1:31:41]} 5. Nc3 {[%clk 1:32:36]} a6 {[%clk 1:31:44]} 6. Be3 {[%clk
1:31:06]} e6 {[%clk 1:29:05]} 7. Be2 {[%clk 1:27:45]} Be7 {[%clk 1:27:59]} 8.
Qd2 {[%clk 1:24:20]} O-O {[%clk 1:27:19]} 9. f3 {[%clk 1:23:50]} Nbd7 {[%clk
1:24:42]} 10. g4 {[%clk 1:16:38]} Qc7 {[%clk 1:05:18]} 11. O-O-O {[%clk
1:14:23]} b5 {[%clk 0:57:27]} 12. g5 {[%clk 1:00:48]} Ne8 {[%clk 0:55:05]} 13.
h4 {[%clk 0:52:24]} Ne5 {[%clk 0:41:29]} 14. h5 {[%clk 0:38:32]} b4 {[%clk
0:30:19]} 15. Nb1 {[%clk 0:32:09]} d5 {[%clk 0:20:16]} 16. exd5 {[%clk
0:24:57]} exd5 {[%clk 0:20:23]} 17. Bf4 {[%clk 0:19:01]} Bd6 {[%clk 0:16:12]}
18. Rh4 {[%clk 0:17:08]} Nc4 {[%clk 0:15:19]} 19. Bxc4 {[%clk 0:17:22]} Bxf4
{[%clk 0:14:08]} 20. Qxf4 {[%clk 0:17:12]} Qxf4+ {[%clk 0:14:28]} 21. Rxf4
{[%clk 0:17:41]} dxc4 {[%clk 0:14:43]} 22. Nc6 {[%clk 0:17:24]} a5 {[%clk
0:12:15]} 23. Rxc4 {[%clk 0:16:08]} Be6 {[%clk 0:10:50]} 24. Rc5 {[%clk
0:15:55]} Nc7 {[%clk 0:07:28]} 25. Rxa5 {[%clk 0:15:34]} Rxa5 {[%clk 0:07:37]}
26. Nxa5 {[%clk 0:16:03]} Ra8 {[%clk 0:07:53]} 27. Nc6 {[%clk 0:15:50]} Nd5
{[%clk 0:07:23]} 28. a3 {[%clk 0:14:41]} bxa3 {[%clk 0:04:38]} 29. Nxa3 {[%clk
0:15:08]} Kf8 {[%clk 0:05:01]} 30. Nd4 {[%clk 0:14:34]} Nf4 {[%clk 0:04:18]}
31. Nxe6+ {[%clk 0:10:15]} Nxe6 {[%clk 0:04:21]} 32. g6 {[%clk 0:10:11]} hxg6
{[%clk 0:04:16]} 33. hxg6 {[%clk 0:10:34]} f6 {[%clk 0:04:30]} 34. Rh1 {[%clk
0:10:08]} Ke7 {[%clk 0:04:40]} 35. Kd2 {[%clk 0:09:55]} Nf4 {[%clk 0:04:46]}
36. Re1+ {[%clk 0:08:53]} Kd6 {[%clk 0:04:12]} 37. Rg1 {[%clk 0:08:44]} Kc5
{[%clk 0:04:24]} 38. Rg4 {[%clk 0:07:37]} Rd8+ {[%clk 0:04:36]} 39. Ke3 {[%clk
0:07:19]} Nd5+ {[%clk 0:04:36]} 40. Kf2 {[%clk 0:06:50]} Nb6 {[%clk 0:03:59]}
41. b4+ {[%clk 0:05:34]} Kc6 {[%clk 0:03:39]} 42. Re4 {[%clk 0:04:07]} Rd2+
{[%clk 0:01:21]} 43. Kg3 {[%clk 0:03:18]} Nd5 {[%clk 0:27:17]} 44. b5+ {[%clk
0:31:53]} Kd7 {[%clk 0:26:35]} 45. Ra4 {[%clk 0:29:47]} 1-0

[Event "DVM U14w 2017"]
[Site "Neumünster GER"]
[Date "2017.12.27"]
[Round "1"]
[White "Kirschner, Elena"]
[Black "Peglau, Sarah"]
[Result "0-1"]
[Termination "normal"]
[Board "4.2"]
[WhiteElo "1346"]
[BlackElo "1241"]
[WhiteClock "00:03:48"]
[BlackClock "01:00:06"]
[WhiteTeam "SV SF Friedrichshagen"]
[BlackTeam "Schachzentrum Seeblick"]
[PlyCount "54"]
[WhiteFideId "16205804"]
[BlackFideId "16219961"]
[EventCountry "GER"]
[EventRounds "7"]
[EventType "team-swiss"]
[EventDate "2017.12.26"]

1. e4 {[%clk 1:30:58]} e6 {[%clk 1:30:53]} 2. d3 {[%clk 1:31:02]} d5 {[%clk
1:31:09]} 3. Nd2 {[%clk 1:31:14]} c5 {[%clk 1:30:44]} 4. Ngf3 {[%clk 1:30:21]}
Nc6 {[%clk 1:29:17]} 5. g3 {[%clk 1:29:11]} Bd6 {[%clk 1:24:09]} 6. Bg2 {[%clk
1:27:08]} Nge7 {[%clk 1:22:56]} 7. O-O {[%clk 1:24:49]} O-O {[%clk 1:22:32]} 8.
Re1 {[%clk 1:23:19]} b5 {[%clk 1:20:35]} 9. h4 {[%clk 1:11:19]} Qb6 {[%clk
1:18:43]} 10. Nf1 {[%clk 1:02:00]} f6 {[%clk 1:13:23]} 11. Be3 {[%clk 0:50:12]}
d4 {[%clk 1:12:11]} 12. Bd2 {[%clk 0:46:02]} e5 {[%clk 1:11:46]} 13. N1h2
{[%clk 0:38:12]} c4 {[%clk 1:09:21]} 14. Rf1 {[%clk 0:34:02]} Be6 {[%clk
1:08:43]} 15. a3 {[%clk 0:29:56]} b4 {[%clk 1:07:16]} 16. axb4 {[%clk 0:25:41]}
Nxb4 {[%clk 1:07:22]} 17. Ne1 {[%clk 0:20:24]} cxd3 {[%clk 1:05:28]} 18. cxd3
{[%clk 0:18:37]} Qb5 {[%clk 1:04:52]} 19. Bxb4 {[%clk 0:15:23]} Qxb4 {[%clk
1:05:02]} 20. Qb1 {[%clk 0:12:08]} Rfb8 {[%clk 1:04:12]} 21. Ra6 {[%clk
0:07:50]} Nc8 {[%clk 1:02:32]} 22. Rc6 {[%clk 0:07:05]} Qxb2 {[%clk 1:01:57]}
23. Qxb2 {[%clk 0:06:32]} Rxb2 {[%clk 1:02:17]} 24. f4 {[%clk 0:05:44]} a5
{[%clk 1:01:58]} 25. Nc2 {[%clk 0:04:12]} a4 {[%clk 1:01:32]} 26. Ra1 {[%clk
0:03:43]} Bd7 {[%clk 1:00:00]} 27. Rc4 {[%clk 0:03:48]} Bb5 {[%clk 1:00:06]}
0-1

[Event "DVM U14w 2017"]
[Site "Neumünster GER"]
[Date "2017.12.27"]
[Round "1"]
[White "Peglau, Charis"]
[Black "Kessen, Fanny"]
[Result "1-0"]
[Termination "normal"]
[Board "4.3"]
[WhiteElo "1193"]
[BlackElo "1203"]
[WhiteClock "00:04:12"]
[BlackClock "00:01:18"]
[WhiteTeam "Schachzentrum Seeblick"]
[BlackTeam "SV SF Friedrichshagen"]
[PlyCount "53"]
[WhiteFideId "16219996"]
[BlackFideId "16217357"]
[EventCountry "GER"]
[EventRounds "7"]
[EventType "team-swiss"]
[EventDate "2017.12.26"]

1. e4 {[%clk 1:30:58]} c5 {[%clk 1:30:51]} 2. Nf3 {[%clk 1:31:21]} Nc6 {[%clk
1:30:55]} 3. d4 {[%clk 1:31:39]} cxd4 {[%clk 1:31:13]} 4. Nxd4 {[%clk 1:32:00]}
g6 {[%clk 1:31:31]} 5. c4 {[%clk 1:31:33]} Bg7 {[%clk 1:30:28]} 6. Be3 {[%clk
1:31:37]} d6 {[%clk 1:29:03]} 7. Nc3 {[%clk 1:30:01]} Nf6 {[%clk 1:27:32]} 8.
Be2 {[%clk 1:26:26]} O-O {[%clk 1:24:04]} 9. O-O {[%clk 1:26:37]} Qd7 {[%clk
1:15:46]} 10. f3 {[%clk 1:19:23]} b6 {[%clk 1:09:02]} 11. Qd2 {[%clk 1:17:59]}
Bb7 {[%clk 1:05:09]} 12. Rfd1 {[%clk 1:11:48]} Rad8 {[%clk 0:55:36]} 13. Rac1
{[%clk 1:05:46]} Rfe8 {[%clk 0:46:55]} 14. a3 {[%clk 0:58:07]} e6 {[%clk
0:40:28]} 15. Ndb5 {[%clk 0:49:10]} d5 {[%clk 0:34:44]} 16. cxd5 {[%clk
0:47:05]} exd5 {[%clk 0:30:37]} 17. exd5 {[%clk 0:34:01]} Na5 {[%clk 0:26:40]}
18. Qd3 {[%clk 0:24:16]} Bxd5 {[%clk 0:21:06]} 19. Nxd5 {[%clk 0:20:39]} Nxd5
{[%clk 0:17:34]} 20. Bd2 {[%clk 0:11:01]} Bxb2 {[%clk 0:13:21]} 21. Rc2 {[%clk
0:09:30]} Bg7 {[%clk 0:09:55]} 22. Bxa5 {[%clk 0:05:44]} bxa5 {[%clk 0:07:12]}
23. Nc7 {[%clk 0:04:06]} Nxc7 {[%clk 0:03:01]} 24. Qxd7 {[%clk 0:04:27]} Rxd7
{[%clk 0:03:26]} 25. Rxd7 {[%clk 0:04:50]} Ne6 {[%clk 0:02:44]} 26. Rcd2 {[%clk
0:04:00]} h6 {[%clk 0:01:18]} 27. Bc4 {[%clk 0:04:12]} 1-0